Aj chemici rozhodujú o úrode

Bibliographic Details
Main Author: Daško, Štefan (Author)
Format: Article
Language:Slovak
Subjects:

MARC

LEADER 00000nab a2200000 a 4500
001 vtls000036464
003 SK-MaSNL
005 20260303023006.0
008 111103c1979 xo 0 slo
015 |a SNBRB19rr/mm-uuuuu 
035 |a CL0046559 
040 |a SNKBUCL  |b slo  |c SNKBUCL  |e AACR2 
041 0 |a slo 
044 |a xo  |c SK 
080 |a 329.15(437.6)  |2 1981 
080 |a 631.8  |2 1981 
100 1 |a Daško, Štefan  |4 aut  |9 923223 
245 1 0 |a Aj chemici rozhodujú o úrode  |c Štefan Daško 
650 0 7 |a KSS CZV  |2 snkbucl  |9 1005429 
650 0 7 |a Duslo, n.p., Šaľa  |2 snkbucl  |9 925392 
650 0 7 |a plán štátny  |2 snkbucl  |9 923268 
651 7 |a 5203  |2 snkbucl  |9 380309 
655 7 |a články z novín a časopisov  |2 snkbucl  |9 267496 
773 0 |t Život strany  |g Č. 16 (1979), s. 23-25 
850 |a Slovenská národná knižnica v Martine  |a MTA001 
852 |a SNK  |b KIS3GCP 
958 |a RK 
992 |a RBX 
999 |c 1631939  |d 1633869